LDR 01025naa#a2200205#i#450# 001 RU\\bibl\126648 005 20260703184942.5 011 ## _a2587-6740 100 ## _a20260615b2026####ek#y0rusy0150####ca 102 ## _aRU 200 1# _aТехнологические приемы возделывания голозерного овса для производства семян высших репродукций _eЖурнальная статья 210 1# _aМосква _cЭлектронная наука _d2026 215 ## _a4 с. 608 ## _aЖурнальная статья _2local 675 ## _aОвес. Avena sativa L.. 633.13 _aУлучшение растений. Прикладная генетика. Селекция и т. д.. 631.52 _z 700 #1 _aКривошеев _gСергей Иванович 700 #1 _aЛогвинова _gЕлена Владимировна 700 #1 _aЕмельянова _gАнна Андреевна 700 #1 _aШумаков _gВасилий Александрович 856 4# _aqje.su _u